000 00332 a2200157 4500
001 51904
020 _a
040 _cAnchieta - Pituba
100 _aFragoso, Rita
240 1 0 _a1ª Matemática, I unidade
_lpor
245 1 0 _a1ª Matemática, I unidade
300 _a6
362 0 _a2012
650 4 _aMatemática
942 _cBK
999 _c51904
_d51904